[Event "SR 4. liga A21 2010/2011"]
[Site "?"]
[Date "2010.10.10"]
[Round "1.4"]
[White "Hrubsa, Marian"]
[Black "Lajda, Dusan"]
[Result "1-0"]
[WhiteElo "1979"]
[BlackElo "1890"]
[PlyCount "77"]
[EventDate "2010.??.??"]

1. e4 c5 2. Nf3 Nc6 3. d4 cxd4 4. Nxd4 d6 5. Nc3 Nf6 6. Be2 g6 7. Be3 Bg7 8.
O-O O-O 9. f4 Bd7 10. Bf3 Qc8 11. Nd5 Re8 12. c3 Nxd5 13. exd5 Nxd4 14. Bxd4
Bxd4+ 15. Qxd4 b6 16. Rad1 Qc5 17. Kh1 Qxd4 18. Rxd4 Rac8 19. Rfd1 Rc7 20. h3
Rec8 21. Be2 h6 22. g4 Kg7 23. Kg2 f6 24. Kg3 f5 25. Bd3 Kf6 26. Re1 fxg4 27.
hxg4 Re8 28. Rde4 Bc8 29. R4e2 Kf7 30. Rh1 Rh8 31. Reh2 Kg7 32. f5 g5 33. Kf3
Bb7 34. Ke4 Rc5 35. c4 a5 36. Kd4 b5 37. b3 b4 38. Re2 Kf7 39. Re6 1-0

[Event "SR 4. liga A21 2010/2011"]
[Site "?"]
[Date "2010.10.10"]
[Round "1.4"]
[White "Vogl, Zdenek"]
[Black "Bjel, Lubos"]
[Result "0-1"]
[WhiteElo "1863"]
[BlackElo "1665"]
[PlyCount "74"]
[EventDate "2010.??.??"]

1. e4 e6 2. d4 d5 3. exd5 exd5 4. Nf3 Nf6 5. Bb5+ c6 6. Bd3 Bd6 7. h3 O-O 8.
O-O Re8 9. Bg5 h6 10. Bh4 Be6 11. Ne5 g5 12. Bg3 Nbd7 13. f4 Qb6 14. c3 gxf4
15. Bxf4 Nxe5 16. Bxe5 Bxe5 17. Kh1 Ne4 18. Bxe4 dxe4 19. dxe5 Qxb2 20. Qh5 Kg7
21. Qh4 Qxa1 22. Qg3+ Kh7 23. Nd2 Qxa2 24. Nxe4 Rg8 25. Qf3 Rg6 26. Rf2 Qa5 27.
Qf4 Rd8 28. Nd6 Rd7 29. c4 Qe1+ 30. Kh2 Rg5 31. Ne4 Rg6 32. Nf6+ Rxf6 33. exf6
Rd1 34. Rf3 Qg1+ 35. Kg3 Qd4 36. Qb8 Qd6+ 37. Qxd6 Rxd6 0-1

[Event "SR 4. liga A21 2010/2011"]
[Site "?"]
[Date "2010.10.10"]
[Round "1.5"]
[White "Diviak, Rudolf"]
[Black "Vagovic, Milan"]
[Result "1-0"]
[WhiteElo "1887"]
[BlackElo "1667"]
[PlyCount "111"]
[EventDate "2010.??.??"]

1. e4 e5 2. Nf3 Nc6 3. Bb5 d6 4. O-O Bd7 5. Qe2 Nf6 6. c3 Be7 7. d4 a6 8. Bd3
Bg4 9. Be3 O-O 10. Nbd2 Re8 11. d5 Nb8 12. Qd1 c6 13. c4 c5 14. Qc2 Nbd7 15. h3
Bh5 16. Rfe1 h6 17. Nf1 Nh7 18. Be2 Bg6 19. Ng3 Bh4 20. Nf5 Bxf5 21. exf5 Bf6
22. Nd2 Ng5 23. h4 Nh7 24. g3 Be7 25. Bf3 Ndf6 26. Kg2 b5 27. b3 Qc8 28. Rh1
bxc4 29. bxc4 Rb8 30. g4 Kh8 31. g5 Ng8 32. Rag1 Qd8 33. Ne4 Qb6 34. Rb1 Qc7
35. Bh5 Rf8 36. Rxb8 Qxb8 37. Rb1 Qd8 38. Qd2 Qd7 39. Bg4 Qa4 40. Be2 Qd7 41.
Bg4 Qa4 42. Qe2 Qa5 43. Qb2 Qd8 44. Qb6 hxg5 45. Qxd8 Rxd8 46. hxg5 f6 47. g6
Ng5 48. Bxg5 fxg5 49. Rb6 Ra8 50. a4 Nf6 51. Kf3 Nxe4 52. Kxe4 Kg8 53. f6 gxf6
54. Be6+ Kh8 55. Rb7 Bd8 56. Rh7# 1-0

[Event "SR 4. liga A21 2010/2011"]
[Site "?"]
[Date "2010.10.10"]
[Round "1.5"]
[White "Kupkovic, Miroslav"]
[Black "Danada, Tomas"]
[Result "1-0"]
[WhiteElo "1818"]
[BlackElo "1838"]
[PlyCount "65"]
[EventDate "2010.??.??"]
[TimeControl "240+2"]

{393MB, Fritz10.ctg} 1. d4 Nf6 2. c4 e6 3. g3 Bb4+ 4. Bd2 Qe7 5. Bg2 Nc6 6. Nf3
Bxd2+ 7. Nbxd2 d6 8. O-O e5 9. d5 Nb8 10. e4 a5 11. Ne1 c6 12. a3 Bg4 13. f3
Bd7 14. Nd3 h5 15. Rf2 g5 16. Qb3 Bc8 17. Nf1 h4 18. g4 h3 19. Bh1 Nbd7 20. Ng3
Nf8 21. dxc6 bxc6 22. Rd1 Qc7 23. Rfd2 Rb8 24. Qc3 Ne6 25. Nf5 c5 26. Nxd6+
Qxd6 27. Nxe5 Qc7 28. Nc6 Qxc6 29. Qxf6 O-O 30. Qh6 Ba6 31. Rd6 Qa4 32. R1d5
Rfc8 33. Rxe6 1-0

[Event "SR 4. liga A21 2010/2011"]
[Site "?"]
[Date "2010.10.10"]
[Round "1.5"]
[White "Pripko, Bystrik"]
[Black "Gasa, Patrik"]
[Result "1-0"]
[WhiteElo "1607"]
[BlackElo "1706"]
[PlyCount "51"]
[EventDate "2010.??.??"]

1. e4 e6 2. Nf3 d5 3. exd5 exd5 4. d4 Bg4 5. Be2 Bd6 6. O-O Nf6 7. Re1 O-O 8.
h3 Bh5 9. Nc3 c6 10. a3 Nbd7 11. Bg5 Qc7 12. Nh4 Bxe2 13. Qxe2 h6 14. Be3 Rfe8
15. Nf5 Bf8 16. Qf3 Kh7 17. Bf4 Qb6 18. Qd3 g6 19. Nd6 Rxe1+ 20. Rxe1 Qc7 21.
Qg3 Nh5 22. Qf3 Nxf4 23. Qxf4 Kg8 24. Qxf7+ Kh8 25. Ne8 Qd8 26. Re6 1-0

[Event "SR 4. liga A21 2010/2011"]
[Site "?"]
[Date "2010.10.10"]
[Round "1.5"]
[White "Slaby, Jozef"]
[Black "Diviak, Rastislav"]
[Result "0-1"]
[WhiteElo "1865"]
[BlackElo "2014"]
[PlyCount "136"]
[EventDate "2010.??.??"]

1. d4 d5 2. c4 e6 3. Nf3 Nf6 4. e3 c6 5. Bd3 Nbd7 6. O-O dxc4 7. Bxc4 b5 8. Bd3
a6 9. a3 c5 10. Nbd2 Bb7 11. Qe2 Be7 12. Rd1 Qc7 13. Nf1 O-O 14. Bd2 c4 15. Bb1
Ne4 16. Rc1 Qb6 17. Bc3 Rac8 18. N3d2 Ndf6 19. Nxe4 Nxe4 20. Qc2 f5 21. f3 Nf6
22. Qd2 Qc6 23. Bc2 Nd5 24. Re1 Nxc3 25. bxc3 Rcd8 26. Ng3 Bh4 27. Re2 Bxg3 28.
hxg3 e5 29. Qe1 Qd6 30. a4 g6 31. axb5 axb5 32. Qb1 Bc6 33. Ra6 Rb8 34. dxe5
Qc5 35. Kf2 Rfe8 36. Qd1 Rxe5 37. Qd4 Rbe8 38. Qxc5 Rxc5 39. Rd2 Ba8 40. f4 Rc7
41. Rb6 Rce7 42. Re2 Ra7 43. Rxb5 Ra3 44. Rc5 Rxc3 45. Ba4 Rb8 46. Bd7 Kf7 47.
Rc7 Rb7 48. Rxb7 Bxb7 49. Ba4 Be4 50. Ke1 Ra3 51. Bc2 Bxc2 52. Rxc2 Rxe3+ 53.
Kf2 Re4 54. Kf3 Ke6 55. g4 Kd5 56. gxf5 gxf5 57. g4 fxg4+ 58. Kxg4 Kd4 59. Kf3
Re7 60. f5 Kd3 61. Rh2 c3 62. Kf4 c2 63. Rh3+ Kd2 64. Rh2+ Re2 65. Rh1 c1=Q 66.
Rxc1 Kxc1 67. f6 Rf2+ 68. Kg5 h5 0-1

[Event "SR 4. liga A21 2010/2011"]
[Site "?"]
[Date "2010.10.10"]
[Round "1.6"]
[White "Nedorost, Lubomir"]
[Black "Sadlon, Juraj"]
[Result "1-0"]
[WhiteElo "1601"]
[BlackElo "1873"]
[PlyCount "53"]
[EventDate "2010.??.??"]

1. e4 d5 2. Nc3 d4 3. Nce2 c5 4. Ng3 Nc6 5. Bc4 Nf6 6. d3 a6 7. a4 Na5 8. Ba2
e5 9. f4 Bg4 10. Nf3 Bd6 11. fxe5 Bxe5 12. Bxf7+ Ke7 13. Ba2 Qc7 14. Nf5+ Kd7
15. Bg5 Bxf5 16. exf5 Rae8 17. Be6+ Kc6 18. O-O Bd6 19. c3 dxc3 20. bxc3 h6 21.
Bxf6 gxf6 22. Rb1 b6 23. Nd4+ Kb7 24. Qf3+ Ka7 25. Nc2 Bxh2+ 26. Kh1 Nc6 27.
Ne3 {ciermy padol na cas} 1-0

[Event "SR 4. liga A21 2010/2011"]
[Site "?"]
[Date "2010.10.10"]
[Round "1.6"]
[White "Nemsak, Denis"]
[Black "Spacek, Oliver"]
[Result "1-0"]
[WhiteElo "1791"]
[BlackElo "1887"]
[PlyCount "60"]
[EventDate "2010.??.??"]

1. c4 Nf6 2. Nc3 e5 3. Nf3 Nc6 4. g3 d5 5. cxd5 Nxd5 6. d3 Be7 7. Bg2 Be6 8.
O-O O-O 9. Bd2 h6 10. a3 a5 11. Rc1 Qd7 12. Na4 b6 13. Nc3 Bf6 14. Qc2 Nce7 15.
Ne4 Ng6 16. Nxf6+ Nxf6 17. Qxc7 Qxc7 18. Rxc7 Rfc8 19. Rfc1 Rxc7 20. Rxc7 Rc8
21. Rxc8+ Bxc8 22. Be3 b5 23. Nd2 Ne7 24. Bc5 Kf8 25. Bd6 Nd7 26. Bc6 b4 27.
axb4 axb4 28. Bxb4 Ke8 29. Bxd7+ Bxd7 30. Bxe7 Kxe7 1-0

[Event "SR 4. liga A21 2010/2011"]
[Site "?"]
[Date "2010.10.10"]
[Round "1.6"]
[White "Pericka, Tomas"]
[Black "Orvisky, Vladimir"]
[Result "1-0"]
[WhiteElo "1966"]
[BlackElo "1845"]
[PlyCount "55"]
[EventDate "2010.??.??"]

1. e4 Nf6 2. e5 Nd5 3. d4 d6 4. c4 Nb6 5. f4 dxe5 6. fxe5 Nc6 7. Be3 Bf5 8. Nc3
e6 9. a3 Be7 10. Nf3 Bg4 11. Be2 O-O 12. O-O Qd7 13. b4 Rad8 14. d5 Bxf3 15.
Bxb6 Bxe2 16. Qxe2 axb6 17. dxc6 Qd4+ 18. Kh1 Qxc3 19. cxb7 Rd2 20. Qh5 g6 21.
Qh6 Rfd8 22. Qf4 f5 23. exf6 Qxf6 24. Qxd2 Rxd2 25. Rxf6 Bxf6 26. b8=Q+ Kg7 27.
Qxc7+ Kh8 28. Qf4 1-0

[Event "SR 4. liga A21 2010/2011"]
[Site "?"]
[Date "2010.10.10"]
[Round "1.6"]
[White "Siska, Michal"]
[Black "Skapik, Branislav"]
[Result "0-1"]
[WhiteElo "1636"]
[BlackElo "1887"]
[PlyCount "84"]
[EventDate "2010.??.??"]

1. Nf3 e6 2. c4 Nf6 3. g3 b6 4. Bg2 Bb7 5. O-O d5 6. Ne5 Bd6 7. Qa4+ c6 8. cxd5
exd5 9. d4 O-O 10. Bg5 h6 11. Bxf6 Qxf6 12. f4 b5 13. Qc2 Qe7 14. e4 c5 15.
exd5 cxd4 16. Nc6 Qe3+ 17. Qf2 Bc5 18. Na5 Ba6 19. Qxe3 dxe3 20. Re1 Nd7 21.
Nc3 Rfe8 22. d6 Rac8 23. Bc6 Rcd8 24. Bxb5 e2+ 25. Kg2 Bxb5 26. Nxb5 Bb4 27.
Nc6 Bxe1 28. Rxe1 Nc5 29. Nc7 Nd3 30. Ne7+ Kh7 31. Rxe2 Rxd6 32. Nxe8 Nc1 33.
Rc2 Nd3 34. Rc3 Ne1+ 35. Kh3 Re6 36. Rc7 g5 37. fxg5 hxg5 38. Nd6 Rxd6 39. Nf5
Kg6 40. Nxd6 f5 41. Rxa7 g4+ 42. Kh4 Ng2# 0-1

[Event "SR 4. liga A21 2010/2011"]
[Site "?"]
[Date "2010.10.10"]
[Round "1.6"]
[White "Spacek, Marcel"]
[Black "Matejovic, Ludovit"]
[Result "0-1"]
[WhiteElo "1724"]
[BlackElo "1610"]
[PlyCount "38"]
[EventDate "2010.??.??"]

1. d4 d5 2. c4 e6 3. Nc3 Nf6 4. cxd5 exd5 5. Bg5 Be7 6. e3 Bf5 7. Qb3 Nbd7 8.
Bxf6 Nxf6 9. Qxb7 O-O 10. Qa6 Rb8 11. Qe2 Bb4 12. Nf3 Ne4 13. Rc1 Nxc3 14. bxc3
Bxc3+ 15. Nd2 Bxd4 16. Qf3 Be4 17. Nxe4 dxe4 18. Qxe4 Re8 19. Qf3 Bc3+ 0-1

[Event "SR 4. liga A21 2010/2011"]
[Site "?"]
[Date "2010.10.16"]
[Round "2.1"]
[White "Brisudova, Veronika"]
[Black "Spacek, Oliver"]
[Result "1-0"]
[WhiteElo "1797"]
[BlackElo "1887"]
[PlyCount "92"]
[EventDate "2010.??.??"]

1. e4 c5 2. Nf3 e6 3. d4 cxd4 4. Nxd4 a6 5. Be2 Qc7 6. O-O d6 7. c4 Nf6 8. Nc3
Nbd7 9. Be3 Be7 10. Rc1 b6 11. b3 Bb7 12. f3 O-O 13. Qe1 Qb8 14. Qf2 d5 15.
exd5 exd5 16. cxd5 Nxd5 17. Nxd5 Bxd5 18. Rfd1 Bc5 19. Nf5 Qe5 20. Bxc5 Nxc5
21. Rxd5 Qb2 22. Rcd1 Rae8 23. Qd4 Rxe2 24. Qxb2 Rxb2 25. Ne7+ Kh8 26. Rd8 Ne6
27. Rxf8+ Nxf8 28. Rd8 g6 29. Rxf8+ Kg7 30. Rg8+ Kf6 31. Nd5+ Ke5 32. Nxb6 Rxa2
33. Na4 Ra3 34. Rb8 a5 35. Rb5+ Kd6 36. Kf2 Kc6 37. Rb8 Kd7 38. Ke3 Kc7 39. Rb5
Kc6 40. Rb6+ Kc7 41. Rb5 Kc6 42. Rc5+ Kd6 43. Rc3 Ra2 44. Rd3+ Kc6 45. Rd2 Ra3
46. Rd3 Ra2 1-0

[Event "SR 4. liga A21 2010/2011"]
[Site "?"]
[Date "2010.10.16"]
[Round "2.1"]
[White "Harasta, Juraj"]
[Black "Skapik, Branislav"]
[Result "1/2-1/2"]
[WhiteElo "1706"]
[BlackElo "1887"]
[PlyCount "111"]
[EventDate "2010.??.??"]

1. e4 d5 2. exd5 Nf6 3. Nc3 Nxd5 4. Nxd5 Qxd5 5. Nf3 e5 6. d3 Bg4 7. Be2 Nc6 8.
O-O f6 9. Be3 O-O-O 10. a3 Bc5 11. b4 Bxe3 12. fxe3 e4 13. Ne1 Bxe2 14. Qxe2
exd3 15. cxd3 Rhe8 16. Rd1 Kb8 17. Nc2 Qb5 18. Rfe1 f5 19. Qh5 Qe5 20. d4 Qe4
21. Rd2 h6 22. Rf1 Rd5 23. Rf4 Qe6 24. Rdf2 g6 25. Qxh6 Rdd8 26. Rh4 Qb3 27. h3
Ne7 28. Qg5 Nd5 29. Qxg6 Nxe3 30. Qg3 Qb1+ 31. Kh2 Nxc2 32. Qd3 Nxa3 33. Qxa3
Qe1 34. Rhf4 Re2 35. Rxe2 Qxe2 36. Rxf5 Rg8 37. Qf3 Qe8 38. h4 a6 39. h5 Rh8
40. g4 Qd8 41. Qf2 Qd6+ 42. Qf4 Qxb4 43. h6 Qa3 44. Rf7 Rxh6+ 45. Qxh6 Qa2+ 46.
Kg3 Qxf7 47. g5 Qb3+ 48. Kf4 Qd1 49. Qh8+ Ka7 50. g6 Qd2+ 51. Kf5 Qd3+ 52. Kg5
Qe3+ 53. Kf5 Qd3+ 54. Kg5 Qe3+ 55. Kg4 Qe4+ 56. Kg5 1/2-1/2

[Event "SR 4. liga A21 2010/2011"]
[Site "?"]
[Date "2010.10.28"]
[Round "2.1"]
[White "Hecko, Dusan"]
[Black "Nemsak, Denis"]
[Result "1-0"]
[WhiteElo "2118"]
[BlackElo "1791"]
[Annotator "Fritz 12 (20s)"]
[PlyCount "51"]
[EventDate "2010.??.??"]

{B01: Scandinavian Defence} 1. e4 d5 2. exd5 Nf6 3. Bb5+ Bd7 4. Be2 Nxd5 5. d4
Bf5 6. Nf3 e6 7. O-O Be7 8. a3 c6 (8... O-O 9. c4 Nb6 10. Nc3 Bf6 11. Be3 Nc6
12. h3) 9. c4 $16 Nf6 10. Nc3 h6 11. h3 O-O 12. Be3 Ne4 13. Nxe4 Bxe4 14. Bd3
Bxd3 15. Qxd3 Nd7 16. Rfd1 Bd6 17. Rac1 f5 $2 (17... Nf6 18. Ne5 $14) 18. Rc2
Qf6 (18... Nf6 19. Qb3 Qd7 20. Rcc1 $14) 19. Re2 Rae8 20. Bc1 b6 21. b3 g5 22.
Bb2 Qg6 23. Rde1 Kf7 $2 (23... Re7 $142 $18) 24. d5 exd5 25. cxd5 c5 $4 (25...
Nc5 26. Qc4 b5 $18 27. Qd4) 26. Re6 1-0

[Event "SR 4. liga A21 2010/2011"]
[Site "?"]
[Date "2010.10.16"]
[Round "2.1"]
[White "Jarabek, Milan"]
[Black "Pericka, Pavol"]
[Result "0-1"]
[WhiteElo "1522"]
[BlackElo "1729"]
[PlyCount "60"]
[EventDate "2010.??.??"]

1. e4 e5 2. Nf3 Nc6 3. d4 exd4 4. Nxd4 Qh4 5. Nb5 Qxe4+ 6. Qe2 Qxe2+ 7. Bxe2
Kd8 8. Bf4 d6 9. N1c3 a6 10. Na3 Be6 11. Bf3 Nge7 12. Ne4 Ng6 13. Bg5+ Be7 14.
Bxe7+ Kxe7 15. O-O Nge5 16. Be2 Rhe8 17. Ng5 Bf5 18. Nf3 Kf8 19. h3 Nb4 20. c3
Nbd3 21. Nxe5 Rxe5 22. Bxd3 Bxd3 23. Rfd1 Be2 24. Rd4 Rae8 25. Nc2 R8e6 26. f3
Bb5 27. Na3 Re2 28. Nxb5 axb5 29. b3 Rc2 30. c4 Ree2 0-1

[Event "SR 4. liga A21 2010/2011"]
[Site "?"]
[Date "2010.10.16"]
[Round "2.1"]
[White "Pericka, Tomas"]
[Black "Berger, Patrik"]
[Result "1-0"]
[WhiteElo "1966"]
[BlackElo "1720"]
[PlyCount "93"]
[EventDate "2010.??.??"]

1. c4 c5 2. Nc3 Nf6 3. g3 d5 4. cxd5 Nxd5 5. Bg2 e6 6. Qb3 Nb6 7. d3 Bd6 8. Be3
Nc6 9. Nf3 O-O 10. O-O e5 11. Ne4 Be6 12. Qd1 Nd4 13. Nfg5 Bd5 14. Nxd6 Qxd6
15. Ne4 Qe7 16. Rc1 Rac8 17. b3 h6 18. Bh3 f5 19. Nc3 Be6 20. f4 Nd5 21. Nxd5
Bxd5 22. Rf2 Rce8 23. Bf1 b6 24. b4 Bxa2 25. bxc5 bxc5 26. Qa4 Bb3 27. Qa3 Bd5
28. Qxc5 Qe6 29. Qxa7 Ra8 30. Qc7 Nc6 31. fxe5 Nxe5 32. Bf4 Ng4 33. e4 Nxf2 34.
exd5 Qf7 35. Qxf7+ Rxf7 36. Kxf2 Rd8 37. d6 g5 38. Be5 Ra7 39. d4 Ra2+ 40. Be2
Kf7 41. Ke3 Ra3+ 42. Kd2 Ra4 43. Rc7+ Kf8 44. Bg7+ Kg8 45. Be5 f4 46. Bc4+ Kf8
47. Bg7+ 1-0

[Event "SR 4. liga A21 2010/2011"]
[Site "?"]
[Date "2010.10.16"]
[Round "2.1"]
[White "Spacek, Marcel"]
[Black "Harasta, Marian"]
[Result "1-0"]
[WhiteElo "1663"]
[BlackElo "1724"]
[PlyCount "35"]
[EventDate "2010.??.??"]

1. d4 e6 2. c4 d5 3. Nc3 Bb4 4. Nf3 Nf6 5. Bg5 h6 6. Bh4 c5 7. e3 Qa5 8. Qc2
Ne4 9. Rc1 Qxa2 10. cxd5 cxd4 11. Nxd4 exd5 12. Ndb5 Qa5 13. Bd3 Bf5 14. O-O
Nxc3 15. bxc3 Bxd3 16. Qxd3 a6 17. cxb4 Qxb4 18. Rc8+ 1-0

[Event "SR 4. liga A21 2010/2011"]
[Site "?"]
[Date "2010.10.24"]
[Round "2.2"]
[White "Danada, Tomas"]
[Black "Matejovic, Ludovit"]
[Result "1-0"]
[WhiteElo "1838"]
[BlackElo "1610"]
[PlyCount "89"]
[EventDate "2010.??.??"]
[TimeControl "240+2"]

{393MB, Fritz10.ctg} 1. e4 e5 2. Nf3 Nc6 3. Bc4 Bc5 4. d4 exd4 5. Ng5 Ne5 6.
Nxf7 Nxf7 7. Bxf7+ Kf8 8. O-O b6 9. b4 Ba6 10. Bxg8 Rxg8 11. bxc5 Bxf1 12. Kxf1
bxc5 13. Qh5 Qe7 14. Qxh7 Qe6 15. Bf4 Re8 16. Bxc7 Qxe4 17. Bd6+ Kf7 18. Qxe4
Rxe4 19. Nd2 Rh4 20. Nf3 Rh5 21. Re1 Re8 22. Ne5+ Ke6 23. Nd3+ Kf7 24. Rxe8
Kxe8 25. Bxc5 Rxh2 26. Bxa7 Rh1+ 27. Ke2 Ra1 28. Nb4 Rb1 29. a3 Ra1 30. Bxd4
Rxa3 31. Bxg7 Kf7 32. Bd4 Ra4 33. c3 Ke6 34. Ke3 Kf5 35. f3 Ra8 36. g4+ Ke6 37.
f4 Re8 38. Kf3 Kf7 39. Nd3 Rg8 40. Ne5+ Ke7 41. f5 Rc8 42. g5 Rg8 43. Kf4 d6
44. Ng4 Rb8 45. g6 1-0

[Event "SR 4. liga A21 2010/2011"]
[Site "?"]
[Date "2010.10.24"]
[Round "2.2"]
[White "Gubis, Vladimir"]
[Black "Diviak, Rastislav"]
[Result "1/2-1/2"]
[WhiteElo "1795"]
[BlackElo "2014"]
[PlyCount "104"]
[EventDate "2010.??.??"]

1. d4 d5 2. c4 e6 3. Nc3 c6 4. cxd5 exd5 5. Nf3 Nf6 6. h3 Bf5 7. Bf4 Bd6 8.
Bxd6 Qxd6 9. e3 O-O 10. Bd3 Bxd3 11. Qxd3 Nbd7 12. O-O Rae8 13. Rfe1 Ne4 14.
Nd2 f5 15. Nf1 Rf6 16. Ne2 Nf8 17. f3 Ng5 18. Nf4 Nfe6 19. Nxe6 Rexe6 20. h4
Nf7 21. g3 Nh6 22. Re2 Qe7 23. Rae1 Rf8 24. e4 fxe4 25. fxe4 dxe4 26. Rxe4 Rxe4
27. Rxe4 Qb4 28. Qc3 Qb5 29. Nd2 Nf5 30. Re5 Qa4 31. Qb3+ Qxb3 32. Nxb3 Nxg3
33. Kg2 Nf5 34. Kh3 g6 35. d5 cxd5 36. Rxd5 Re8 37. Rd7 Re3+ 38. Kg4 Rg3+ 39.
Kf4 Rg2 40. h5 Rxb2 41. hxg6 Rf2+ 42. Kg5 h6+ 43. Kg4 Ne3+ 44. Kg3 Rxa2 45. Nc5
Rd2 46. Rxb7 Rd6 47. Kf4 Ng2+ 48. Ke5 Rxg6 49. Ne6 Ne3 50. Rxa7 h5 51. Ra8+ Kf7
52. Ra7+ Kg8 1/2-1/2

[Event "SR 4. liga A21 2010/2011"]
[Site "?"]
[Date "2010.10.24"]
[Round "2.2"]
[White "Nedorost, Lubomir"]
[Black "Nemeckayova, Monika"]
[Result "1-0"]
[WhiteElo "1601"]
[BlackElo "1808"]
[PlyCount "49"]
[EventDate "2010.??.??"]

1. e4 c5 2. Nc3 Nc6 3. Bc4 g6 4. f4 Bg7 5. Nf3 e6 6. a4 Nge7 7. Nb5 d5 8. exd5
exd5 9. Ba2 O-O 10. O-O b6 11. c3 a6 12. Na3 Nf5 13. Nc2 d4 14. cxd4 Nfxd4 15.
Ncxd4 Nxd4 16. Ne5 Bb7 17. d3 Qd6 18. Be3 Bxe5 19. fxe5 Qxe5 20. Bh6 Ne2+ 21.
Kh1 Qh5 22. Bxf8 Ng3+ 23. Kg1 Nxf1 24. Qxh5 gxh5 25. Bh6 1-0

[Event "SR 4. liga A21 2010/2011"]
[Site "?"]
[Date "2010.10.24"]
[Round "2.2"]
[White "Nemeckay, Rastislav"]
[Black "Divinec, Peter"]
[Result "1-0"]
[WhiteElo "1770"]
[BlackElo "1000"]
[PlyCount "35"]
[EventDate "2010.??.??"]

1. e4 e5 2. Nc3 Nf6 3. Bc4 Bb4 4. d3 d5 5. exd5 Nxd5 6. Bd2 Bxc3 7. Bxc3 Nxc3
8. bxc3 O-O 9. Qf3 Qe7 10. Ne2 c6 11. Ng3 Be6 12. Qe4 Qc5 13. O-O Bxc4 14. dxc4
Nd7 15. Rfe1 Rad8 16. Rad1 f6 17. Qg4 Qe7 18. Nf5 1-0

[Event "SR 4. liga A21 2010/2011"]
[Site "?"]
[Date "2010.10.24"]
[Round "2.3"]
[White "Bjel, Tomas"]
[Black "Vagovic, Milan"]
[Result "0-1"]
[WhiteElo "1743"]
[BlackElo "1667"]
[PlyCount "68"]
[EventDate "2010.??.??"]

1. e4 e5 2. Nf3 Nc6 3. Bc4 Bc5 4. O-O Nf6 5. Nc3 O-O 6. d3 h6 7. Be3 Bb6 8.
Bxb6 axb6 9. d4 exd4 10. Nxd4 d6 11. f3 Ne5 12. Qe2 c6 13. Rfd1 Qc7 14. a3 b5
15. Bb3 Re8 16. Qd2 Nc4 17. Bxc4 bxc4 18. Qf4 Qb8 19. Nf5 Bxf5 20. Qxf5 Re5 21.
Qf4 d5 22. Rd4 b5 23. Rad1 c5 24. R4d2 d4 25. Nxb5 Nh5 26. Qh4 Qxb5 27. f4 Rxe4
28. Qxh5 Qxb2 29. Qd5 Rae8 30. Qxc5 d3 31. cxd3 Re1+ 32. Kf2 R1e2+ 33. Rxe2
Qxe2+ 34. Kg3 Qxd1 0-1

[Event "SR 4. liga A21 2010/2011"]
[Site "?"]
[Date "2010.10.24"]
[Round "2.3"]
[White "Kupkovic, Miroslav"]
[Black "Lajda, Dusan"]
[Result "1/2-1/2"]
[WhiteElo "1818"]
[BlackElo "1890"]
[PlyCount "40"]
[EventDate "2010.??.??"]

1. d4 d5 2. c4 c6 3. Nf3 Nf6 4. Nc3 e6 5. Bf4 Be7 6. cxd5 exd5 7. h3 Bf5 8. e3
O-O 9. Bd3 Bxd3 10. Qxd3 Bd6 11. Bxd6 Qxd6 12. a3 Nbd7 13. O-O Rfe8 14. Rfe1
Ne4 15. Nd2 Ndf6 16. Ndxe4 Nxe4 17. Nxe4 Rxe4 18. Rec1 Rae8 19. Qb3 Qe7 20. Qa4
a6 1/2-1/2

[Event "SR 4. liga A21 2010/2011"]
[Site "?"]
[Date "2010.10.24"]
[Round "2.3"]
[White "Madzo, Anton"]
[Black "Piestansky, Jan"]
[Result "1-0"]
[WhiteElo "1521"]
[BlackElo "1587"]
[PlyCount "82"]
[EventDate "2010.??.??"]

1. c4 e5 2. Nc3 d6 3. e4 h6 4. Nf3 Nf6 5. Be2 Be7 6. O-O O-O 7. d3 Nc6 8. Be3
a6 9. Qd2 Kh7 10. h3 Be6 11. Nh2 Ng8 12. Bg4 f5 13. exf5 Bxf5 14. Bxf5+ Rxf5
15. f4 exf4 16. Rxf4 Bg5 $4 17. Rxf5 Bxe3+ 18. Qxe3 Nf6 19. Nd5 Nd7 20. Re1
Nde5 21. Nf3 Qd7 22. Qe4 Kg8 23. Nxe5 Nxe5 24. Rxe5 dxe5 25. Qxe5 Rf8 26. Qe6+
Rf7 27. Qxd7 Rxd7 28. Re7 Rd6 29. Rxc7 b5 30. b3 Kf8 31. Nf4 bxc4 32. dxc4 Rd2
33. a4 g5 34. Ne6+ Kg8 35. Nc5 Rd6 36. b4 Rb6 37. b5 axb5 38. cxb5 Rd6 39. a5
Rd1+ 40. Kh2 Rb1 41. b6 Rb5 1-0

[Event "SR 4. liga A21 2010/2011"]
[Site "?"]
[Date "2010.10.24"]
[Round "2.3"]
[White "Pripko, Bystrik"]
[Black "Bjel, Lubos"]
[Result "1-0"]
[WhiteElo "1607"]
[BlackElo "1665"]
[PlyCount "113"]
[EventDate "2010.??.??"]

1. e4 e6 2. Nf3 d5 3. exd5 exd5 4. d4 Nf6 5. h3 c6 6. Bd3 Bd6 7. O-O O-O 8. Bg5
Be6 9. c3 Nbd7 10. Re1 Qb6 11. Qc2 h6 12. Bd2 Rfe8 13. Ne5 c5 14. Nxd7 Bxd7 15.
Be3 cxd4 16. cxd4 Rac8 17. Qd2 Bb4 18. Nc3 Bxc3 19. bxc3 Qa5 20. Rec1 Ne4 21.
Bxe4 Rxe4 22. Rab1 b5 23. Qb2 a6 24. a3 Qb6 25. a4 Qg6 26. Kf1 bxa4 27. Qb7 Qf5
28. Kg1 Bb5 29. Qb6 Qe6 30. Qa5 Qc6 31. Qb4 Re6 32. Qa3 Qd7 33. Rb2 Rg6 34. Kh1
Qe6 35. Rg1 Qd6 36. Qa1 Re8 37. Qc1 Re4 38. Qd1 a3 39. Ra2 Bc4 40. Ra1 a2 41.
Qc2 Re8 42. Rxa2 Bxa2 43. Qxa2 Rc8 44. Qa5 Qd8 45. Qa3 Ra8 46. Qa4 Re6 47. c4
dxc4 48. Qxc4 Qc8 49. Qa4 a5 50. Ra1 Qe8 51. Bd2 Qxa4 52. Rxa4 Rd6 53. Rxa5
Rxa5 54. Bxa5 Rxd4 55. Bb6 Rb4 56. Be3 $19 Kf8 $4 57. Bc5+ 1-0

[Event "SR 4. liga A21 2010/2011"]
[Site "?"]
[Date "2010.10.24"]
[Round "2.3"]
[White "Smrek, Peter"]
[Black "Slaby, Jozef"]
[Result "0-1"]
[WhiteElo "1882"]
[BlackElo "1865"]
[PlyCount "106"]
[EventDate "2010.??.??"]

1. c4 Nf6 2. Nc3 e6 3. e3 c6 4. d4 d5 5. Nf3 Be7 6. Bd2 O-O 7. b3 Nbd7 8. Bd3
h6 9. h3 Qc7 10. Rc1 a6 11. O-O dxc4 12. bxc4 Qd8 13. a4 Nb6 14. a5 Nbd7 15.
Na4 c5 16. Bb1 Qc7 17. Bc3 cxd4 18. Qxd4 Rd8 19. Nb6 Rb8 20. Rfd1 Nc5 21. Qf4
Qxf4 22. exf4 Nfd7 23. Ne5 Nxb6 24. axb6 Bd7 25. Nxd7 Rxd7 26. Rxd7 Nxd7 27.
Be4 f6 28. Rb1 Kf7 29. f5 e5 30. Bd5+ Ke8 31. Kf1 Bc5 32. Ba5 Ke7 33. Ke2 Bd4
34. Bb4+ Bc5 35. Ba5 Kd6 36. Be6 Bd4 37. Rd1 Nc5 38. Bc3 $2 Nxe6 39. fxe6 Kxe6
40. Bxd4 exd4 41. Rxd4 f5 42. Kd3 Rc8 43. Rd5 Rc6 44. g4 fxg4 45. hxg4 Rxb6 46.
f4 Rd6 47. f5+ Ke7 48. Kd4 a5 49. Kc5 Rxd5+ 50. cxd5 a4 51. Kb4 Kd6 52. Kxa4
Kxd5 53. Kb5 Ke5 0-1

[Event "SR 4. liga A21 2010/2011"]
[Site "?"]
[Date "2010.10.24"]
[Round "2.4"]
[White "Bartos, Bohumil"]
[Black "Zlamal, Marek"]
[Result "1-0"]
[WhiteElo "1574"]
[BlackElo "1519"]
[PlyCount "57"]
[EventDate "2010.??.??"]

1. e4 c5 2. Nf3 Nc6 3. d4 cxd4 4. Nxd4 e5 5. Nb5 d6 6. N1c3 a6 7. Na3 Nf6 8.
Bg5 Be7 9. Bxf6 Bxf6 10. Nd5 Bg5 11. c3 Ne7 12. Bc4 Be6 13. O-O O-O 14. Nc2 Rc8
15. Nxe7+ Qxe7 16. Bxe6 fxe6 17. Ne1 Rf4 18. Qe2 d5 19. exd5 exd5 20. Nd3 Re4
21. Qc2 Rh4 22. Rae1 e4 23. Qb3 Rd8 24. g3 Rh6 25. f4 Bf6 26. Nf2 Qc5 27. Rxe4
Bxc3 28. bxc3 Rb6 29. Rb4 1-0

[Event "SR 4. liga A21 2010/2011"]
[Site "?"]
[Date "2010.10.24"]
[Round "2.4"]
[White "Kubis, Ivan"]
[Black "Hrubsa, Marian"]
[Result "1-0"]
[WhiteElo "1980"]
[BlackElo "1979"]
[PlyCount "115"]
[EventDate "2010.??.??"]

1. e4 e6 2. d4 d5 3. Nc3 Nf6 4. Bg5 Be7 5. e5 Ne4 6. Bxe7 Qxe7 7. Bd3 f5 8.
exf6 Nxf6 9. Nf3 c5 10. dxc5 Qxc5 11. Qe2 Nc6 12. O-O Bd7 13. Nb5 Rc8 14. c4 d4
15. a3 O-O 16. b4 Qh5 17. Nbxd4 Ng4 18. h3 e5 19. Nxc6 Rxc6 20. Nxe5 Qxe5 21.
hxg4 Qg5 22. Be4 Rh6 23. Bd5+ Kh8 24. f4 Qh4 25. f5 Qh2+ 26. Kf2 Qf4+ 27. Qf3
Qd4+ 28. Qe3 Qxg4 29. Rh1 Qxf5+ 30. Kg1 Rxh1+ 31. Kxh1 Qf6 32. Re1 b6 33. Qe7
Qf2 34. Re2 Qf1+ 35. Kh2 Qf4+ 36. g3 Qh6+ 37. Kg1 Qf6 38. Qxf6 Rxf6 39. Re7 Rd6
40. Rf7 g6 41. Rf8+ Kg7 42. Ra8 b5 43. Rxa7 bxc4 44. Bxc4 Rd2 45. Bb5 Kf6 46.
Bxd7 Kg5 47. g4 Kf4 48. Bc8 Kg3 49. Kf1 h5 50. gxh5 gxh5 51. b5 Rh2 52. a4 h4
53. Rg7+ Kf3 54. Bb7+ Kf4 55. Rf7+ Kg3 56. Rf3+ Kg4 57. Ra3 h3 58. Bc8+ 1-0